ធនធានធម្មជាតិនៅកម្ពុជា / (Record no. 1575)
[ view plain ]
| 000 -LEADER | |
|---|---|
| fixed length control field | 02615nam a22003017a 4500 |
| 001 - CONTROL NUMBER | |
| control field | 1575 |
| 003 - CONTROL NUMBER IDENTIFIER | |
| control field | FISKH |
| 005 - DATE AND TIME OF LATEST TRANSACTION | |
| control field | 20251127112555.0 |
| 008 - FIXED-LENGTH DATA ELEMENTS--GENERAL INFORMATION | |
| fixed length control field | 230907b cb ||||| |||| 00| 0 khr d |
| 020 ## - INTERNATIONAL STANDARD BOOK NUMBER | |
| International Standard Book Number | 9789996305832 |
| 040 ## - CATALOGING SOURCE | |
| Original cataloging agency | FISKH |
| Language of cataloging | eng |
| Transcribing agency | FISKH |
| Modifying agency | FISKH |
| 082 ## - DEWEY DECIMAL CLASSIFICATION NUMBER | |
| Classification number | 333.72 |
| 100 ## - MAIN ENTRY--PERSONAL NAME | |
| Personal name | Tordjman, Nathalie |
| 245 ## - TITLE STATEMENT | |
| Title | ធនធានធម្មជាតិនៅកម្ពុជា / |
| Remainder of title | ជីវៈចម្រុះដែលត្រូវអភិរក្ស |
| Statement of responsibility, etc. | និពន្ធដោយ Nathalie Tordjman |
| 250 ## - EDITION STATEMENT | |
| Edition statement | បោះពុម្ពលើកទី៣ មិថុនា ២០២១ |
| 260 ## - PUBLICATION, DISTRIBUTION, ETC. | |
| Place of publication, distribution, etc. | Phnom Penh : |
| Name of publisher, distributor, etc. | Sipar, |
| Date of publication, distribution, etc. | 2021. |
| 300 ## - PHYSICAL DESCRIPTION | |
| Extent | 40 pages : |
| Other physical details | color illustrations ; |
| Dimensions | 27 cm |
| 490 ## - SERIES STATEMENT | |
| Series statement | ខ្ញុំចង់ដឹង |
| 505 ## - FORMATTED CONTENTS NOTE | |
| Formatted contents note | Z<br/><br/> |
| 520 ## - SUMMARY, ETC. | |
| Summary, etc. | ជីវចម្រុះកម្ពុជា គឺជាសៀវភៅឯកសារអំពីធនធានធម្មជាតិនៅកម្ពុជា ដែលត្រូវតែការពារ។ មិត្តអ្នកអាននឹងស្វែងយល់ពីភាពសំបូរបែបនៃប្រព័ន្ធអេកូឡូស៊ី ៣ ប្រភេទផ្សេងៗគ្នា ព្រៃដីខ្ពស់ ជួរភ្នំក្រវាញ ដីសើមនៃវាលទំនាបកណ្តាល ទន្លេមេគង្គ និងបឹងទន្លេសាប និងតំបន់ការពារឆ្នេរ វាលភក់ ព្រៃកោងកាង និងថ្មប៉ប្រះទឹកផ្កាថ្ម។ តាមរយៈរូបថត រូបភាពគំនូរ ផែនទី និងគ្រោងការណ៍ជាច្រើន សៀវភៅនេះងាយស្រួលយល់។ |
| 520 ## - SUMMARY, ETC. | |
| Summary, etc. | Biodiversity of Cambodia is a documentary book about natural resources in Cambodia that has to be protected. The reader will discover the wealth of 3 different ecosystems: High land forest: Cardamoms Mountains, Wetland of the central plain: the Mekong and the Tonle Sap lac, and Coastal protected areas: Mangrove swamps and coral reef. Through many photos, illustrations, maps and schema, the book is easy to understand. |
| 521 8# - TARGET AUDIENCE NOTE | |
| Target audience note | 1000<br/> |
| Source | Lexile estimate <br/> |
| 521 8# - TARGET AUDIENCE NOTE | |
| Target audience note | Z' <br/> |
| Source | Raz-Plus <br/> |
| 650 ## - SUBJECT ADDED ENTRY--TOPICAL TERM | |
| Topical term or geographic name entry element | ជីវៈចម្រុះ |
| Form subdivision | ធនធានធម្មជាតិ |
| General subdivision | ការការពារ |
| 650 ## - SUBJECT ADDED ENTRY--TOPICAL TERM | |
| Topical term or geographic name entry element | Biodiversity |
| Form subdivision | Natural Resource |
| General subdivision | Protection |
| 700 ## - ADDED ENTRY--PERSONAL NAME | |
| Personal name | Ratha, Ouk |
| Relator term | illustrator |
| 942 ## - ADDED ENTRY ELEMENTS (KOHA) | |
| Source of classification or shelving scheme | Dewey Decimal Classification |
| Koha item type | Books |
| Suppress in OPAC | No |
| Withdrawn status | Lost status | Source of classification or shelving scheme | Damaged status | Not for loan | Collection | Home library | Current library | Shelving location | Date acquired | Total Checkouts | Full call number | Barcode | Date last seen | Date last checked out | Copy number | Price effective from | Koha item type |
|---|---|---|---|---|---|---|---|---|---|---|---|---|---|---|---|---|---|
| Dewey Decimal Classification | Khmer Non-Fiction / សៀវភៅខ្មែរ រឿងពិត | Footprints International School Library Network Toul Kork Campus | Footprints International School Library Network Toul Kork Campus | 09/07/2023 | 1 | TOR 333.72 | 2023-0524 | 11/10/2025 | 12/03/2024 | 1 | 09/07/2023 | Khmer Books | |||||
| Dewey Decimal Classification | Khmer Non-Fiction / សៀវភៅខ្មែរ រឿងពិត | Footprints International School Library Network Toul Kork Campus | Footprints International School Library Network Toul Kork Campus | 09/07/2023 | TOR 333.72 | 2023-0525 | 09/07/2023 | 2 | 09/07/2023 | Khmer Books | |||||||
| Dewey Decimal Classification | Khmer Non-Fiction / សៀវភៅខ្មែរ រឿងពិត | Footprints International School Library Network Toul Tom Poung Campus | Footprints International School Library Network Toul Tom Poung Campus | TTP Secondary Khmer Bookshelves | 03/12/2025 | TOR 333.72 | FISSE02388 | 03/12/2025 | 3 | 03/12/2025 | Khmer Books | ||||||
| Dewey Decimal Classification | Khmer Non-Fiction / សៀវភៅខ្មែរ រឿងពិត | Footprints International School Library Network Toul Tom Poung Campus | Footprints International School Library Network Toul Tom Poung Campus | TTP Secondary Khmer Bookshelves | 03/12/2025 | TOR 333.72 | FISSE02387 | 03/12/2025 | 4 | 03/12/2025 | Khmer Books | ||||||
| Dewey Decimal Classification | Khmer Non-Fiction / សៀវភៅខ្មែរ រឿងពិត | Footprints International School Library Network Toul Tom Poung Campus | Footprints International School Library Network Toul Tom Poung Campus | TTP Secondary Khmer Bookshelves | 03/12/2025 | TOR 333.72 | FIS05249 | 03/12/2025 | 5 | 03/12/2025 | Khmer Books | ||||||
| Dewey Decimal Classification | Khmer Non-Fiction / សៀវភៅខ្មែរ រឿងពិត | Footprints International School Library Network Toul Tom Poung Campus | Footprints International School Library Network Toul Tom Poung Campus | TTP Secondary Khmer Bookshelves | 10/28/2025 | TOR 333.72 | 2025-4755 | 10/28/2025 | 6 | 10/28/2025 | Khmer Books | ||||||
| Dewey Decimal Classification | Khmer Non-Fiction / សៀវភៅខ្មែរ រឿងពិត | Footprints International School Library Network Toul Tom Poung Campus | Footprints International School Library Network Toul Tom Poung Campus | TTP Secondary Khmer Bookshelves | 11/27/2025 | TOR 333.72 | 2025-4941 | 11/27/2025 | 7 | 11/27/2025 | Khmer Books |
